LEADER 00979nam0-22003371i-450- 001 990003770370403321 005 20091001165316.0 010 $a0-8039-1352-4 035 $a000377037 035 $aFED01000377037 035 $a(Aleph)000377037FED01 035 $a000377037 100 $a20030910d1981----km-y0itay50------ba 101 0 $aeng 102 $aUS 105 $a--------001cy 200 1 $aCareers and family$esex roles and adolescent life plans$fCarol Kehr Tittle 210 $aBeverly Hills$cSage Publications$d1981 215 $a317 p.$ctab., app.$d21 cm 225 1 $aSage library of social research$v121 320 $aContiene bibl. (pp.253-264) 610 0 $aGiovani$aStati Uniti 676 $a305.230973$v22$zita 700 1$aTittle,$bCarol K.$0494249 801 0$aIT$bUNINA$gRICA$2UNIMARC 901 $aBK 912 $a990003770370403321 952 $a305.23 TIT 1$b3164$fBFS 959 $aBFS 996 $aCareers and family$9510884 997 $aUNINA LEADER 01082nam0-22003491--450- 001 990009098570403321 005 20100430120927.0 020 $aIT$b6610369 035 $a000909857 035 $aFED01000909857 035 $a(Aleph)000909857FED01 035 $a000909857 100 $a20091005e19621576km-y0itay50------ba 101 0 $alat 102 $aIT 105 $ay-------001yy 200 1 $aOpera omnia$fMarsilio Ficino$gcon una lettera introduttiva di Paul Oskar Kristeller e una premessa di Mario Sancipriano 210 $aTorino$cBottega d'Erasmo$d1962 215 $a2 v.$d35 cm 324 $aRiproduzione facsimilare dell'edizione: Basileae : ex officina Henricpetrina, 1576 676 $a879$v16 700 1$aFicino,$bMarsilio$f<1433-1499>$0157041 702 1$aKristeller,$bPaul Oskar$f<1905-1999> 702 1$aSancipriano,$bMario 801 0$aIT$bUNINA$gRICA$2UNIMARC 901 $aBK 912 $a990009098570403321 952 $aSDI-IV A 12$b36$fSDI 952 $aSDI-IV A 13$b36$fSDI 959 $aSDI 996 $aOpera omnia$9548830 997 $aUNINA LEADER 01106nam--2200373---450- 001 990001793210203316 005 20051114124031.0 035 $a000179321 035 $aUSA01000179321 035 $a(ALEPH)000179321USA01 035 $a000179321 100 $a20040625d19671989km-y0itay0103----ba 101 0 $aita 102 $aIT 105 $a||||||||001yy 200 1 $aAntologia$fPadri Apostolici$gintroduzioni, traduzioni e note a cura di U. Mattioli, P. Serra Zanetti, O. Soffritti 210 $aRoma$cEdizioni Paoline$d1967 215 $a431 p.$d19 cm. 225 2 $aPatristica 410 0$12001$aPatristica 454 1$12001 461 1$1001-------$12001 700 1$aMATTIOLI,$bUmberto$0256046 701 1$aSERRA ZANETTI,$bPaolo$083340 701 1$aSOFFRITTI,$bOmero$0206944 801 0$aIT$bsalbc$gISBD 912 $a990001793210203316 951 $aV.4.A. 67(VIII A coll. 88/3)$b50127 L.M.$cVIII A 959 $aBK 969 $aUMA 979 $aSIAV8$b10$c20040625$lUSA01$h1532 979 $aCOPAT3$b90$c20051114$lUSA01$h1240 996 $aAntologia$9951048 997 $aUNISA LEADER 00895nam0-22002771i-450 001 990004890560403321 005 20210617160923.0 035 $a000489056 035 $aFED01000489056 035 $a(Aleph)000489056FED01 035 $a000489056 100 $a19990530d--------km-y0itay50------ba 101 0 $aita 105 $ay-------001yy 200 1 $aStoria di un boccone di pane$eLettere sulla vita dell'uomo e degli animali$eOpera adottata dalla Commissione universitaria dei libri di premio$fdi Giovanni MacF 205 $a[26.a ed.] 210 $aMilano$cF.lli Treves$h(sta mpa 1920). 215 $aVIII, 260 p.$d20 cm 700 1$aMacé,$bJean$f<1815-1894>$0394365 801 0$aIT$bUNINA$gRICA$2UNIMARC 901 $aBK 912 $a990004890560403321 952 $a3/XIV BB 56$bsc ped. 2906$fFLFBC 959 $aFLFBC 996 $aStoria di un boccone di pane$9520522 997 $aUNINA LEADER 03223nam 22006375 450 001 9910635383503321 005 20251009095145.0 010 $z9789811948060 010 $z9811948062 010 $a9789811948077$b(electronic bk.) 010 $a9811948070$b(electronic bk.) 024 7 $a10.1007/978-981-19-4807-7 035 $a(MiAaPQ)EBC7157434 035 $a(Au-PeEL)EBL7157434 035 $a(CKB)25703668900041 035 $a(DE-He213)978-981-19-4807-7 035 $a(EXLCZ)9925703668900041 100 $a20221213d2022 u| 0 101 0 $aeng 135 $aurcz#---auuuu 181 $ctxt$2rdacontent 182 $cc$2rdamedia 183 $acr$2rdacarrier 200 14$aThe Audiovisual Chord $eEmbodied Listening in Film /$fby Martine Huvenne 205 $a1st ed. 2022. 210 1$aSingapore :$cSpringer Nature Singapore :$cImprint: Palgrave Macmillan,$d2022. 215 $a1 online resource (322 pages) 225 1 $aPalgrave Studies in Sound,$x2633-5883 311 08$aPrint version: Huvenne, Martine The Audiovisual Chord Singapore : Palgrave Macmillan US,c2022 9789811948060 327 $aIntroduction -- Part I -- ?The wind blows wherever it pleases. You hear its sound, but you cannot tell where it comes from or where it is going.? -- Audiovisual perception: the audiovisual contract, heautonomy of sound and image and filmic listening -- Phenomenology, an introductionv -- Part II -- A phenomenological approach to audiovisual experience in practice -- Thinking in movement, and different ways to create space in film sound -- The audiovisual chord, an invitation to the audience to interact -- Part III -- Embodied listening, felt sound and the audiovisual chord in film history -- The audiovisual chord in relation to film as an audiovisual composition -- The importance of embodied (panic) listening in film as an audiovisual composition -- A phenomenological approach to film sound and film at the basis of film-making -- Conclusion. 330 $aThis book is a phenomenological approach to film sound and film as a whole, bringing all sensory impressions together within the body as a sense of movement. This includes embodied listening, felt sound and the audiovisual chord as a dynamic knot of visual and auditory movements. From this perspective, auditory spaces in film can be used as a pivot between an inner and an external world. . 410 0$aPalgrave Studies in Sound,$x2633-5883 606 $aScience$xSocial aspects 606 $aMotion pictures 606 $aPhenomenology 606 $aScience and Technology Studies 606 $aSound Studies 606 $aFilm Theory 606 $aAudio-Visual Culture 606 $aPhenomenology 615 0$aScience$xSocial aspects. 615 0$aMotion pictures. 615 0$aPhenomenology. 615 14$aScience and Technology Studies. 615 24$aSound Studies. 615 24$aFilm Theory. 615 24$aAudio-Visual Culture. 615 24$aPhenomenology. 676 $a152.15 700 $aHuvenne$b Martine$01350638 801 0$bMiAaPQ 801 1$bMiAaPQ 801 2$bMiAaPQ 912 $a9910635383503321 996 $aThe audiovisual chord$93089267 997 $aUNINA